000 00532nam a2200181Ia 4500
005 20250326142856.0
008 250326s9999 xx 000 0 und d
037 _aTextbook
040 _aFMSL
_beng
_cFMSL
041 _aeng
_2eng
084 _aX:74 M5
_qFMSL
100 _aMaheshwari R P
245 0 _aBusiness,Government and society: A study of Business environment
_cMaheshwari R P; Gupta A N
260 _aVikas
_bVikas, Pub. House
_c1985
300 _a347p
942 _cTB
_hX:74 M5
999 _c1297061
_d1297061